1244 1169 1581 1008 1796 1482 1984 1163 1776 1744 1455 1119 1862 1388 1274 1974 1936 1708 1907 1565 1481 1097 1033 1605 1722 1024 1063 1546 1734 1265 1524 1525 1381 1976 1950 1990 1586 1895 1347 1429 1848 1246 1598 1838 1726 1339 1340 1709 1096 1008 1225 1477 1085 1431 1870 1502 1313 1629 1540 1242 1569 1516 1445 1631 1910 1588 1638 1946 1435 1156 1236 1022 1405 1461 1118 1211 1285 1596 1953 1272 1866 1997 1925 1226 1318 1665 1040 1104 1339 1391 1269 1144 1329 1284 1968 1143 1416 1337 1082 BCNSPRNW ULIB Ver.6.0+V

เปลี่ยนเป็นภาษาไทย

Change to English
 แสดงรายละเอียดบรรณานุกรม
  กลับหน้าหลัก

Brief Record : Get Marc (ISO 2709) : E-mail record : QR code < ปิดหน้าต่าง
LEADER : 00000nam 2200000uu 4500
001    13399108803
003     ULIB
008    110315s2545||||th 000 0 tha d
020    9746114336 (ล.3)
060 04 WY150^bม246ก 2545 ล.3
245 10 กรณีเลือกสรรการพยาบาลเพื่อการฟื้นฟูสภาพ หน่วยที่ 11-15 =^bSelected casestudy on rehabilitation nursing /^cลั่นทม เศรษฐกร ... [และคนอื่นฯ]
246 31 Selected case study on rehabilitation nursing
250    พิมพ์ครั้งที่ 14
260    [นนทบุรี] :^bสาขาวิชาวิทยาศาสตร์สุขภาพมหาวิทยาลัยสุโขทัยธรรมาธิราช,^c2545
300    หน่วยที่ 11-15= 470 หน้า :^bภาพประกอบ ;^c30 ซม.
500    "เอกสารการสอนชุดวิชา 51404 หน่วยที่ 1-5, 6-10, 11-15"--หน้าปกใน
650  7 การฟื้นฟูสมรรถภาพ^xการพยาบาล
650  7 กายภาพบำบัด
700 0  ลั่นทม เศรษฐกร
710 2  มหาวิทยาลัยสุโขทัยธรรมาธิราช. ^bสาขาวิชาวิทยาศาสตร์สุขภาพ
945    ^p245^l0^i022714
945    ^p245^l0^i022713
945    ^p245^l0^i022712
945    ^p245^l0^i022711
995    เกษร
999 ^a ใช้งานได้ทุกระบบ
รายการนี้ยังไม่มีแท็ก
คุณยังไม่ได้ล็อกอิน คุณสามารถมีกิจกรรมร่วมกับเว็บไซต์ได้ แต่ต้องล็อกอินก่อน ::
  ล็อกอิน

รายการสื่อสารสนเทศ

ลำดับที่ ประเภท เลขเรียก/บาร์โค้ด สถานที่ สถานะ
- ไม่พบข้อมูล -

รายการใกล้เคียง
    หัวเรื่อง [กายภาพบำบัด]

BibComment


ยังไม่เคยถูกคอมเมนท์

คอมเมนท์ทรัพยากรรายการนี้
  คอมเมนท์: กรณีเลือกสรรการพย..


 Copyright 2026. Bcnsprnw @Library